000 00812cab a2200241 4500
001 ABS53164
008 090401t1995 xxu||||| |||| 00| 0 eng d
035 _a(Sirsi) u2473
041 _aeng
100 _aKnowles, R.
245 2 _aA new era for global claims
260 _c1995
350 _a0
490 _aCSM (Chartered Surveyor Monthly)
_v4(9) July/August 1995, 36(1)
520 _aLooks at "British Airways Pension Trustees v Sir Robert McAlpine", in which the CA supported the use of a global claim against particularisation, which is not always appropriate.
650 _aBRITISH AIRWAYS PENSION TRUSTEES
650 _aCONTRACT CLAIMS
650 _aGLOBAL CLAIMS
650 _aSIR ROBERT MCALPINE
690 _aBUILT ENVIRONMENT-BUILDING CONTRACT FORMS
942 _n0
948 _c04/03/1997
999 _c1494
_d1494